000 00533nam a2200217Ia 4500
003 OSt
005 20220923230814.0
006 a|||||r|||| 00| 0
007 ta
008 Pun
024 _a305,707
037 _cTextual
040 _aARTS
_cARTS
_bPun
041 _2Pun
_aPun
082 _aQ8441:21, 153M6
100 _aਜਾਗੀਰ ਸਿੰਘ
245 0 _aਜਾਪ ਵਿਵੇਚਨ
260 _c1986
942 _hQ8441:21, 153M6
_cTEXL
_2CC
999 _c387497
_d387497